| 000 | 00707cam a2200241 a 4500 | ||
|---|---|---|---|
| 999 |
_c23 _d23 |
||
| 001 | 14539004 | ||
| 003 | OSt | ||
| 005 | 20221004125150.0 | ||
| 008 | 060907s2007 at a b 001 0 eng | ||
| 020 | _a9780176103521 | ||
| 020 | _a017610352x | ||
| 020 | _a049509580X | ||
| 040 |
_aDLC _cDLC _dDLC |
||
| 050 | 0 | 0 |
_aBF637.C45 _bA34 2008 |
| 082 | 0 | 4 |
_a158.2 _222 |
| 100 | 1 |
_aAdler, Ronald B. _q(Ronald Brian), _d1946- |
|
| 245 | 1 | 0 |
_aLooking out/looking in / _cRonald B. Adler, Judith A. Rolls et al |
| 250 | _a1st Canadian edition. | ||
| 260 |
_aAustralia ; _aBelmont, CA ; _bThomson/Wadsworth, _cc2007. |
||
| 300 |
_axi;407p.: _bill. (some col.) ; |
||
| 650 | 0 | _aInterpersonal communication. | |
| 942 |
_2lcc _cBK |
||